Eldorado, garimpo coragem (Record no. 72688)

MARC details
000 -LÍDER
campo de controle de tamanho fixo 00362 a2200157 4500
001 - NÚMERO DE CONTROLE
campo de controle 72688
020 ## - ISBN - INTERNATIONAL STANDARD BOOK NUMBER
ISBN - International Standard Book Number 8532212174
040 ## - FONTE DA CATALOGAÇÃO
Instituição que transcreveu o registro Anchieta - Colégio São Paulo
100 ## - ENTRADA PRINCIPAL--NOME PESSOAL
Nome pessoal Saldanha, Paula
240 10 - TÍTULO UNIFORME
Título uniforme Eldorado, garimpo coragem
Idioma da obra por
245 10 - TÍTULO
Título Eldorado, garimpo coragem
300 ## - DESCRIÇÃO FÍSICA
Extensão 53
362 0# - DATAS DE PUBLICAÇÃO E/OU DESIGNAÇÃO SEQUENCIAL
Datas de publicação e/ou designação sequencial 1997
650 #4 - ASSUNTO--TERMO TÓPICO
Cabeçalho tópico ou nome geográfico Literatura juvenil
942 ## - ELEMENTOS DE ENTRADA ADICIONADOS (KOHA)
Tipo de material Koha Livros
Holdings
Situação do descarte Situação das perdas Situação física Não pode ser emprestado Biblioteca de origem Biblioteca atual Data de aquisição Total de empréstimos Número de chamada completo Código de barras Data de último acesso Data do preço efetivo Tipo de material Koha Fonte da classificação ou esquema de arquivamento na estante
        Colégio São Paulo Colégio São Paulo 22/11/2023   LJ 028.5 S162e 2390/CSP 22/11/2023 22/11/2023 Livros  
        Domus - Itaim Bibi Domus - Itaim Bibi 07/06/2024   808.8387 S154e 9788563221292 07/06/2024 07/06/2024 Livros Classificação Decimal de Dewey